Felicidad de México (Record no. 1223)

MARC details
000 -CABECERA
campo de control de longitud fija 00733nam a2200217 a 4500
001 - NÚMERO DE CONTROL
campo de control BRCA_1361
005 - FECHA Y HORA DE LA ÚLTIMA TRANSACCIÓN
campo de control 20190320203407.0
008 - DATOS DE LONGITUD FIJA--INFORMACIÓN GENERAL
campo de control de longitud fija 990716s1995 mx-a---##b---#110-0#spa-#
020 ## - NÚMERO INTERNACIONAL ESTÁNDAR DEL LIBRO
Número Internacional Estándar del Libro 9686932704
040 ## - FUENTE DE LA CATALOGACIÓN
Centro catalogador/agencia de origen DLC
Centro/agencia transcriptor DLC
Centro/agencia modificador DLC
050 #4 - SIGNATURA TOPOGRÁFICA DE LA BIBLIOTECA DEL CONGRESO
Número de clasificación N8070
Número de documento/Ítem .Z47 1995
100 1# - ENTRADA PRINCIPAL--NOMBRE DE PERSONA
Nombre de persona Zerón-Medina, Fausto
9 (RLIN) 4453
245 10 - MENCIÓN DE TÍTULO
Título Felicidad de México
Resto del título centenario de la coronación de María Señora de Guadalupe
Mención de responsabilidad, etc. Fausto Zerón-Medina.
260 ## - PUBLICACIÓN, DISTRIBUCIÓN, ETC.
Lugar de publicación, distribución, etc. México
Nombre del editor, distribuidor, etc. Clío
Fecha de publicación, distribución, etc. 1995
300 ## - DESCRIPCIÓN FÍSICA
Extensión 136 p.
Otras características físicas il. a color
Dimensiones 18 cm.
504 ## - NOTA DE BIBLIOGRAFÍA, ETC.
Nota de bibliografía, etc. Bibliografía: p. [140-141]
650 14 - PUNTO DE ACCESO ADICIONAL DE MATERIA--TÉRMINO DE MATERIA
Término de materia o nombre geográfico como elemento de entrada Virgen María en el arte
9 (RLIN) 4454
650 14 - PUNTO DE ACCESO ADICIONAL DE MATERIA--TÉRMINO DE MATERIA
Término de materia o nombre geográfico como elemento de entrada Nuestra señora de Guadalupe
Subdivisión general Culto
Subdivisión geográfica México
9 (RLIN) 4455
651 #4 - PUNTO DE ACCESO ADICIONAL DE MATERIA--NOMBRE GEOGRÁFICO
Nombre geográfico México
Subdivisión general Vida religiosa y costumbres
9 (RLIN) 4456
942 ## - ELEMENTOS DE PUNTO DE ACCESO ADICIONAL (KOHA)
Fuente del sistema de clasificación o colocación Library of Congress Classification
Tipo de ítem Koha Libros
Holdings
Estado de retiro Estado de pérdida Estado dañado No para préstamo Localización permanente Ubicación/localización actual Fecha de adquisición Total de préstamos Signatura topográfica completa Código de barras Fecha visto por última vez Precio válido a partir de Tipo de ítem Koha
El ejemplar forma parte de la colección y puede ser consultado según las políticas vigentes.       Biblioteca del Museo Franz Mayer (Rogerio Casas-Alatriste) Biblioteca del Museo Franz Mayer (Rogerio Casas-Alatriste) 26/06/2008   N8070 .Z47 1995 01883 22/03/2019 22/03/2019 Libros